| 000 | 00000nam##2200000za#4500 |
| 001 | 9.694583 |
| 003 | CaOODSP |
| 005 | 20210624234202 |
| 007 | cr ||||||||||| |
| 008 | 150407|1992||||xxc|||||o f|0| 0 eng|d |
| 040 | |aCaOODSP|beng |
| 043 | |an-cn--- |
| 086 | 1 |aM86-29/1992E-PDF |
| 110 | 1 |aCanada.|bNatural Resources Canada. |bCanadian Permanent Committee on Geographical Names. |
| 245 | 10|aGuide to the field collection of native geographical names |h[electronic resource] |
| 250 | |aProvisional edition. |
| 260 | |bNatural Resources Canada. |c1992. |
| 300 | |a47p.|bmap, references, photographs, index |
| 500 | |aThe catalogue number (M86-29/1992E) and ISBN (0-662-19196-X) for the print edition have been incorrectly copied in this electronic publication. |
| 590 | |a12-28-Supp|b2012-06-15 |
| 690 | 07|aToponymy|2gcpds |
| 775 | 08|tGuide pratique de la collecte sur le terrain de toponymes autochtones |w(CaOODSP)9.638757 |
| 856 | 40|ahttp://publications.gc.ca|qPDF|s408 KB|uhttps://publications.gc.ca/collections/collection_2011/rncan-nrcan/M86-29-1992-eng.pdf |